Star Wars: Tales of the Jedi Characters by Picture - Statistics

General Stats
  • This quiz has been taken 57 times
  • The average score is 18 of 28
Answer Stats
Picture Answer % Correct
Ahsoka Tano
100%
Anakin Skywalker
100%
Dooku
100%
Mace Windu
100%
Bail Organa
98%
CT-7567 "Rex"
98%
Plo Koon
96%
Yaddle
96%
Yoda
96%
Darth Sidious
93%
Padmé Amidala
87%
Caleb Dume
82%
Jocasta Nu
80%
Ki-Adi-Mundi
76%
Depa Billaba
73%
Qui-Gon Jinn
73%
Saesee Tiin
73%
Tera Sinube
67%
Mon Mothma
58%
Katri
38%
Pav-ti Tano
31%
Nak-il Tano
20%
Dagonet
18%
Larik
18%
Gantika
11%
Hanel
7%
Semage
7%
Uriel Dagonet
4%
No matching quizzes found
Score Distribution
Percent of People with Each Score
Percentile by Number Answered
Your Score History
You have not taken this quiz